Prohibition: Beyond the History Books! Quiz Stats

 Plays Quiz Updated Oct 28, 2018

Score 0/20 Timer 07:00
1 Play Today
% Correct
Alcatraz
95.1%
Tax evasion
92.8%
Untouchables
92.3%
Flappers
85.1%
Women's right to vote
84.8%
In the bootlegging business
79.9%
Breathalyzers
79.3%
Ice cream, ginger ale and near beer
75.5%
Homemade liquor
61.8%
Volstead, after Andrew Volstead
61.3%
% Correct
Al Capone
57.4%
Carry Nation
55.9%
Dummy smoke stacks
51.7%
Pharmacies
51.5%
Sidecar
50.4%
Train robbery
50%
Blind bat
41.4%
Making bread light and well-browned
37.2%
Noble experiment
36.9%
'Drink it up, oh family dear'...not real
32.2%

You're not logged in!

Compare scores with friends on all Sporcle quizzes.
OR
Log In

Sporcle TV

Today on Sporcle TV


Watch our educational content, quiz creation guides, and fun videos on Sporcle TV.

Show Comments

Extras

Top Quizzes Today


Score Distribution

Your Account Isn't Verified!

In order to create a playlist on Sporcle, you need to verify the email address you used during registration. Go to your Sporcle Settings to finish the process.

Report this User

Report this user for behavior that violates our Community Guidelines.

Details: